Phonetic Spelling For 'CE' Quiz Stats

 Plays Quiz not verified by Sporcle

Score 0/20 Timer 01:30
2 Plays Today
% Correct
cedar
82.7%
certificate
78.2%
celebration
78.2%
cellar
78.2%
censorship
76.6%
cement
76.6%
cemetery
76.1%
cesarian
75.1%
ceremony
74.6%
cellophane
73.6%
% Correct
centimeter
73.1%
celebrity
73.1%
celery
71.6%
centrifuge
70.6%
certainly
70.6%
cessation
70.1%
centenarian
69%
centurion
66%
cerebral
60.9%
certainty
60.4%

You're not logged in!

Compare scores with friends on all Sporcle quizzes.
OR
Log In

Show Comments

Extras

Top Quizzes Today


Score Distribution

Your Account Isn't Verified!

In order to create a playlist on Sporcle, you need to verify the email address you used during registration. Go to your Sporcle Settings to finish the process.

Report this User

Report this user for behavior that violates our Community Guidelines.

Details: